000 00457nam a2200133Ia 4500
008 100328s9999 xx 000 0 und d
082 _b63358
100 _aटिकेकर अशोक.
245 _aनवरा बायको का भांडतात.
260 _bसंयम.
630 _aनवरा बायको का भांडतात.
730 _aनवरा बायको का भांडतात.
942 _cBOOK
999 _c549246
_d549243